Report on competition policy 2004 - Volume 1
Gespeichert in:
| Körperschaft: | |
|---|---|
| Weitere Verfasser: | |
| Format: | Software Buch |
| Sprache: | Englisch |
| Veröffentlicht: |
Luxembourg :
Office for Official Publications of the European Communities,
2005
|
| Schlagworte: | |
| ISBN: | 9289467398 |
| Online-Zugang: |
|
| Tags: |
Tag hinzufügen
Keine Tags, Fügen Sie den ersten Tag hinzu!
|
MARC
| LEADER | 00000nlm a2200000 4500 | ||
|---|---|---|---|
| 003 | SK-BrCVT | ||
| 005 | 20220621163129.0 | ||
| 007 | c | ||
| 008 | 060726s2005 lu e d ||||||eng d | ||
| 020 | |a 9289467398 | ||
| 035 | |a CVTIDW1412127 | ||
| 040 | |b slo |a EURO:i:portál |e AACR2 | ||
| 041 | 0 | |a eng | |
| 044 | |a lu | ||
| 100 | 1 | |a Kroes, Neelie |4 aui | |
| 245 | 1 | 0 | |a Report on competition policy 2004 - Volume 1 |h [elektronický zdroj] / |c Neelie Kroes |
| 260 | |a Luxembourg : |b Office for Official Publications of the European Communities, |c 2005 | ||
| 300 | |a 204 s, : |b grafy, obr. ; | ||
| 500 | |a 9 | ||
| 516 | |a Elektronický dokument | ||
| 653 | 1 | |a politika súťaže |a antitrustová legislatíva |a štátna pomoc |a kontrola |a liberalizácia |a štatistika | |
| 710 | 1 | |a European Commission (Brussels, Belgium) | |
| 856 | 4 | |u http://www.edis.sk/ekes/KDAA05001ENC_002.pdf | |
| 910 | |b KED01464 | ||
| 919 | |a 92-894-6739-8 | ||
| 959 | |a TS0830 | ||
| 974 | |f Knihy neprofilové | ||
| 999 | |c 154720 |d 154720 | ||

